000 01699cam a22004574i 4500
003 PE-LiUPU
005 20250731173138.0
008 150623s1990 cau r 000 0 eng d
020 _a0944450091
035 _a(Sirsi) i9780944450093
040 _aPE-LiUPU
_bspa
_cPE-LiUPU
_erda
049 _aPRUA
082 0 4 _a253.2
_bO47
_221
100 1 _aOlsen, Viggo Norskov,
_eautor.
245 1 0 _aMyth and truth about church, priesthood and ordination /
_cViggo Norskov Olsen.
264 1 _aRiverside, California :
_bLoma Linda University Press,
_c1990.
300 _a191 páginas ;
_c23 centímetros
336 _atext
_2rdacontent
337 _aunmediated
_2rdamedia
338 _avolume
_2rdacarrier
505 0 _aThe church: its biblical foundation -- The priesthood of believers -- The ministry: New testamental perspectives -- The ministry: historical-theological observations -- Ordination: A biblical-historical inquiry.
526 _aSEG42
526 _aSEG41
526 _aSEG40
526 _aSEG39
526 _aP94
526 _aP87
526 _aP86
526 _aP85
526 _aP77
526 _aP76
526 _aP35
650 0 4 _aIglesia.
650 0 4 _aPastores
_xOrdenación.
942 _2ddc
_cBOOK
949 _a253.2 O47
_wDEWEY
_c1
_i52378
_d2016-2-5
_e2016-2-4
_lCCODEBUL1
_mBUL
_n1
_p5.00
_r0
_sY
_tBOOK
_u2015-6-24
_xTEOLOGIA
_PP35
_0COMPRA
_o.STAFF. Colección General
994 _aC0
_bPEPRU
596 _a1
999 _a253.2 O47
_wDEWEY
_c34205
_i52378
_d34205
_e2016-2-4
_f2021-11-10
_g5
_lCCODEBUL1
_mBUL
_n1
_p5.00
_r0
_sY
_tBOOK
_u2015-6-24
_xTEOLOGIA
_PP35
_0COMPRA
_o.STAFF. Colección Teología
980 _81
_gALBERTO SANCHEZ Responsable de Automatización